<?xml version="1.0" encoding="UTF-8"?>
<record
    xmlns:xsi="http://www.w3.org/2001/XMLSchema-instance"
    xsi:schemaLocation="http://www.loc.gov/MARC21/slim http://www.loc.gov/standards/marcxml/schema/MARC21slim.xsd"
    xmlns="http://www.loc.gov/MARC21/slim">

  <leader>00629nam a2200205 b 4500</leader>
  <controlfield tag="003">3228</controlfield>
  <controlfield tag="005">20260206143119.0</controlfield>
  <controlfield tag="008">220623s9999    xx            000 0 und d</controlfield>
  <datafield tag="020" ind1=" " ind2=" ">
    <subfield code="a">9781920297923(paperback)</subfield>
  </datafield>
  <datafield tag="040" ind1=" " ind2=" ">
    <subfield code="b">English</subfield>
    <subfield code="c">3228</subfield>
    <subfield code="e">rda</subfield>
  </datafield>
  <datafield tag="041" ind1=" " ind2=" ">
    <subfield code="a">English</subfield>
  </datafield>
  <datafield tag="082" ind1=" " ind2=" ">
    <subfield code="a">ST 428 ENGL</subfield>
  </datafield>
  <datafield tag="100" ind1=" " ind2=" ">
    <subfield code="a">Clarke, Lindi</subfield>
    <subfield code="9">198521</subfield>
    <subfield code="e">Author</subfield>
  </datafield>
  <datafield tag="245" ind1=" " ind2="0">
    <subfield code="a">English home language /</subfield>
    <subfield code="c">by Sue Jordaan and Jeanne Maclay -Mayers</subfield>
  </datafield>
  <datafield tag="260" ind1=" " ind2=" ">
    <subfield code="a">Claremont :</subfield>
    <subfield code="b">The answer,</subfield>
  </datafield>
  <datafield tag="300" ind1=" " ind2=" ">
    <subfield code="a">134 pages :</subfield>
    <subfield code="b">Illustrations ;</subfield>
    <subfield code="c">21 cm</subfield>
  </datafield>
  <datafield tag="490" ind1=" " ind2=" ">
    <subfield code="a">The answer series</subfield>
  </datafield>
  <datafield tag="521" ind1=" " ind2=" ">
    <subfield code="a">Student</subfield>
  </datafield>
  <datafield tag="942" ind1=" " ind2=" ">
    <subfield code="c">BK</subfield>
    <subfield code="2">ddc</subfield>
    <subfield code="h">ST 428 ENGL</subfield>
    <subfield code="y">166</subfield>
    <subfield code="z">Thoko Moyakene</subfield>
  </datafield>
  <datafield tag="999" ind1=" " ind2=" ">
    <subfield code="c">630763</subfield>
    <subfield code="d">630762</subfield>
  </datafield>
  <datafield tag="952" ind1=" " ind2=" ">
    <subfield code="0">0</subfield>
    <subfield code="1">0</subfield>
    <subfield code="2">ddc</subfield>
    <subfield code="4">0</subfield>
    <subfield code="7">0</subfield>
    <subfield code="8">400</subfield>
    <subfield code="a">KWAML</subfield>
    <subfield code="b">MASOBL</subfield>
    <subfield code="c">GEN</subfield>
    <subfield code="d">2022-02-21</subfield>
    <subfield code="l">0</subfield>
    <subfield code="o">428 CLAR</subfield>
    <subfield code="p">33228023316852</subfield>
    <subfield code="r">2022-02-21</subfield>
    <subfield code="w">2022-02-21</subfield>
    <subfield code="y">CR</subfield>
  </datafield>
  <datafield tag="952" ind1=" " ind2=" ">
    <subfield code="0">0</subfield>
    <subfield code="1">0</subfield>
    <subfield code="4">0</subfield>
    <subfield code="7">0</subfield>
    <subfield code="a">MHLUZL</subfield>
    <subfield code="b">MHLUZL</subfield>
    <subfield code="d">2022-05-27</subfield>
    <subfield code="g">119.77</subfield>
    <subfield code="l">0</subfield>
    <subfield code="p">33809000327549"</subfield>
    <subfield code="r">2022-05-27</subfield>
    <subfield code="w">2022-05-27</subfield>
    <subfield code="y">BK</subfield>
  </datafield>
  <datafield tag="952" ind1=" " ind2=" ">
    <subfield code="0">0</subfield>
    <subfield code="1">0</subfield>
    <subfield code="4">0</subfield>
    <subfield code="7">0</subfield>
    <subfield code="a">MHLUZL</subfield>
    <subfield code="b">MHLUZL</subfield>
    <subfield code="d">2022-06-01</subfield>
    <subfield code="g">119.77</subfield>
    <subfield code="l">0</subfield>
    <subfield code="o">ST 428 JORD</subfield>
    <subfield code="p">33809000327549</subfield>
    <subfield code="r">2022-06-01</subfield>
    <subfield code="w">2022-06-01</subfield>
    <subfield code="y">BK</subfield>
    <subfield code="z">045/18</subfield>
  </datafield>
  <datafield tag="952" ind1=" " ind2=" ">
    <subfield code="0">0</subfield>
    <subfield code="1">0</subfield>
    <subfield code="4">0</subfield>
    <subfield code="7">0</subfield>
    <subfield code="a">MHLUL</subfield>
    <subfield code="b">MHLUL</subfield>
    <subfield code="d">2022-06-23</subfield>
    <subfield code="g">119.77</subfield>
    <subfield code="l">0</subfield>
    <subfield code="p">33809 000389945</subfield>
    <subfield code="r">2022-06-23</subfield>
    <subfield code="w">2022-06-23</subfield>
    <subfield code="y">BK</subfield>
    <subfield code="z">032/18</subfield>
  </datafield>
  <datafield tag="952" ind1=" " ind2=" ">
    <subfield code="0">0</subfield>
    <subfield code="1">0</subfield>
    <subfield code="4">0</subfield>
    <subfield code="7">0</subfield>
    <subfield code="a">HENDL</subfield>
    <subfield code="b">HENDL</subfield>
    <subfield code="d">2022-06-23</subfield>
    <subfield code="g">132.61</subfield>
    <subfield code="l">0</subfield>
    <subfield code="p">3390900082283</subfield>
    <subfield code="r">2022-06-23</subfield>
    <subfield code="w">2022-06-23</subfield>
    <subfield code="y">BK</subfield>
    <subfield code="z">140252</subfield>
  </datafield>
</record>
